FUNDAMENTAL BIOMECHANICS OF SPORT AND EXERCISE (Record no. 33170)

MARC details
000 -LEADER
fixed length control field 00431nam a22001697a 4500
003 - CONTROL NUMBER IDENTIFIER
control field SGT
020 ## - INTERNATIONAL STANDARD BOOK NUMBER
International Standard Book Number 9780415815086
082 ## - DEWEY DECIMAL CLASSIFICATION NUMBER
Classification number 796.06
Item number F14W
100 ## - MAIN ENTRY--PERSONAL NAME
Personal name WATKINS, JAMES
245 ## - TITLE STATEMENT
Title FUNDAMENTAL BIOMECHANICS OF SPORT AND EXERCISE
250 ## - EDITION STATEMENT
Edition statement 1ST
260 ## - PUBLICATION, DISTRIBUTION, ETC. (IMPRINT)
Place of publication, distribution, etc NEW YORK
Name of publisher, distributor, etc ROUTLEDGE PUB
Year of Publication 2014
300 ## - PAGE DESCRIPTION
No. of Pages 641
650 ## - SUBJECT ADDED ENTRY--TOPICAL TERM
Topical term or geographic name as entry element SPORT SCIENCE
653 ## - KEYWORDS--INDEX TERM
Keyword term FUNDAMENTAL BIOMECHANICS OF SPORT AND EXERCISE
942 ## - ADDED ENTRY ELEMENTS (KOHA)
Source of classification or shelving scheme Dewey Decimal Classification
Koha item type Books
Holdings
Withdrawn status Lost status Source of classification or shelving scheme Damaged status Not for loan Collection code Home library Current library Shelving location Date acquired Vendor Name Cost, normal purchase price SGTU Bill Number Total Checkouts Full call number Accession No. (Barcode) Date last seen Bill Date Koha item type
    Dewey Decimal Classification   Not For Loan MEDICAL SGT Medical Library SGT Medical Library Reference Book 06/10/2025 BRIJWASI BOOK DISTRIBUTORS DELHI 7624.00 SGTU BW/000285   796.06 F14W FM15606 11/11/2025 06/10/2025 Books